| 000 | 00487cam a2200181ua 4500 | ||
|---|---|---|---|
| 020 | _c12.00 | ||
| 041 |
_aeng _h |
||
| 082 |
_a658.23 _bSHU/PL |
||
| 100 | _aShubin, John.A . | ||
| 245 |
_aPlant layout : Developing and improving manufacturing plants / _cA.John Shubin. _hTextual Documents |
||
| 260 |
_aNew Delhi : _bPrentice Hall Inc , _c1965. |
||
| 300 | _a463 ; . | ||
| 365 | _a12.00 | ||
| 504 | _a | ||
| 700 | 1 | _aMadeheim, Huxley . | |
| 942 | _cBK | ||
| 999 |
_c1644 _d1644 |
||